| 000 | 00000nam##2200000za#4500 |
| 001 | 9.579105 |
| 003 | CaOODSP |
| 005 | 20210624190414 |
| 007 | cr ||||||||||| |
| 008 | 150406|1995||||xxc|||||o f|0| 0 eng|d |
| 022 | |a1488-5379 |
| 040 | |aCaOODSP|beng |
| 043 | |an-cn--- |
| 086 | 1 |aFs97-6/2065E-PDF |
| 110 | 1 |aCanada. |bDepartment of Fisheries and Oceans. |
| 245 | 10|aLocal knowledge of beluga and narwhal from four communities in arctic Canada / |h[electronic resource]|cby D.B. Stewart ... [et al.] Prepared for the Canada/Greenland Joint Commission for the Conservation and Management of Beluga and Narwhal. |
| 260 | |aOttawa - Ontario : |bFisheries and Oceans Canada |c1995. |
| 300 | |a56p.|bfigs., references |
| 490 | 1 |aCanadian technical report of fisheries and aquatic sciences|x1488-5379|vNo. 2065 |
| 500 | |aIssued by Minister of Supply and Services. The catalogue number and ISSN for the print edition appear in the PDF version. |
| 546 | |a(Résumé en français) |
| 590 | |a14-05-Supp|b2014-02-26 |
| 720 | 1 |aStewart, D. B. |
| 830 | #0|aCanadian technical report of fisheries and aquatic sciences,|x1488-5379|vNo. 2065|w(CaOODSP)9.504449 |
| 856 | 40|ahttp://publications.gc.ca|qPDF|s2703 KB|uhttps://publications.gc.ca/collections/collection_2014/mpo-dfo/Fs97-6-2065-eng.pdf|yNo. 2065 |